header

The Maze of Bones (Record no. 265946)

MARC details
000 -LEADER
fixed length control field 00221nam a22000977a 4500
020 ## - INTERNATIONAL STANDARD BOOK NUMBER
ISBN 9780545060394
100 ## - MAIN ENTRY--AUTHOR NAME
Personal name Rick Riordan.
245 ## - TITLE STATEMENT
Title The Maze of Bones
260 ## - PUBLICATION, DISTRIBUTION, ETC. (IMPRINT)
Place of publication New York
Name of publisher Scholastic Inc.
Year of publication 2008
942 ## - ADDED ENTRY ELEMENTS (KOHA)
Koha item type Long Loan Books
Holdings
Withdrawn status Lost status Collection code Home library Current library Shelving location Date acquired Accession Number Koha item type
    Fiction Rongo University Library Rongo University Library Children's Area 25/02/2026 CL20250108 Long Loan Books

© 2026 Rongo University
Contact us: librarian | system librarian | Rongo university